[Event "New York 1000 GM Spring Schev"]
[Site "New York"]
[Date "2024.03.27"]
[Round "1.9"]
[White "Safranek, William"]
[Black "Bonin, Jay R"]
[Result "1-0"]
[WhiteElo "1950"]
[BlackElo "2154"]
[PlyCount "143"]
[EventDate "2024.03.27"]
[EventType "schev"]
[EventRounds "9"]
[EventCountry "USA"]
[SourceTitle "CB14_2024"]
[SourceDate "2024.04.01"]
[SourceVersion "1"]
[SourceVersionDate "2024.04.01"]
[SourceQuality "1"]

1. e4 e5 2. Nf3 Qe7 3. d4 d6 4. Nc3 c6 5. a4 a5 6. Bc4 h6 7. 0-0 g6 8. b3 Nf6 9. Ba3 Qc7 10. Qd2 Na6 11. Rad1 Bd7 12. dxe5 dxe5 13. Bd6 Bxd6 14. Qxd6 Qxd6 15. Rd3 Qd5 16. Rxd5 Ke7 17. Rd2 Nc5 18. Nxe5 Be6 19. f3 Rhd8 20. Rfd1 Rxd2 21. Rxd2 g5 22. Bxe6 Kxe6 23. Nc4 Ne8 24. Ne2 h5 25. Kf2 h4 26. Ke3 Ke7 27. g3 hxg3 28. hxg3 Nf6 29. Nd4 Kf8 30. Nf5 b5 31. Ne5 bxa4 32. bxa4 Nxa4 33. Rh2 Nb6 34. Rh8+ Ng8 35. Rh7 Ra7 36. Ng6+ fxg6 37. Rxa7 gxf5 38. exf5 Nf6 39. Kd4 Nbd7 40. Rxa5 Ke7 41. c4 Kd6 42. c5+ Kc7 43. Ra7+ Kb8 44. Ra2 Kb7 45. Rh2 Ka6 46. Rh6 Kb5 47. Rg6 Nd5 48. Rxg5 Nxc5 49. Rg8 Nd7 50. Rd8 N5f6 51. g4 c5+ 52. Ke3 Kc6 53. g5 Kc7 54. Rh8 Nd5+ 55. Ke4 Ne7 56. f6 Ng6 57. Rg8 Ngf8 58. f4 Kd6 59. f5 c4 60. Rh8 c3 61. Rh2 Kc5 62. Rc2 Kc4 63. f7 Kb3 64. Rh2 c2 65. Rh1 Kb2 66. g6 Nf6+ 67. Kf4 c1Q+ 68. Rxc1 Kxc1 69. Kg5 Ne4+ 70. Kh4 Nd6 71. Kg4 Nd7 72. Kf4 1-0

[Event "New York qual"]
[Site "New York"]
[Date "2023.07.10"]
[Round "9"]
[White "Safranek, William"]
[Black "Liu, Leonardo"]
[Result "1/2-1/2"]
[WhiteElo "1923"]
[BlackElo "1871"]
[PlyCount "120"]
[EventDate "2023.07.06"]
[EventType "tourn"]
[EventRounds "9"]
[EventCountry "USA"]
[SourceTitle "EXT 2024"]
[Source "ChessBase"]
[SourceDate "2023.10.10"]
[SourceVersion "1"]
[SourceVersionDate "2023.10.10"]
[SourceQuality "1"]

1. e4 c5 2. Nf3 g6 3. c3 Bg7 4. d4 cxd4 5. cxd4 d5 6. e5 Nh6 7. Nc3 0-0 8. Qb3 Nc6 9. Be3 e6 10. Bd3 f6 11. exf6 Qxf6 12. 0-0 Nf5 13. Bxf5 Qxf5 14. Rfd1 b6 15. Rac1 Bd7 16. Ne2 Na5 17. Qb4 Nc4 18. Ng3 Qf7 19. b3 Nxe3 20. fxe3 Rfc8 21. Rf1 Rxc1 22. Rxc1 Rc8 23. Rxc8+ Bxc8 24. Qc3 Ba6 25. Qc6 Bb7 26. Qd6 Bh6 27. Qe5 Qd7 28. Ne2 Bc8 29. Nf4 Qg7 30. Qd6 Qd7 31. Qxd7 Bxd7 32. Ne5 Be8 33. Kf2 Bxf4 34. exf4 Kf8 35. g4 Ke7 36. g5 a5 37. Ke3 Bb5 38. Kd2 Kf8 39. a4 Be8 40. Kc3 Kg7 41. Ng4 Bc6 42. Kb2 b5 43. Ne5 Be8 44. axb5 Bxb5 45. Ka3 h6 46. b4 hxg5 47. fxg5 a4 48. Nf3 Kf7 49. Nh4 Be8 50. Ng2 e5 51. dxe5 Ke6 52. Nh4 Kxe5 53. b5 Bxb5 54. Nxg6+ Ke4 55. Ne7 d4 56. g6 Bc4 57. Nc8 Bb3 58. Nd6+ Ke5 59. Nb5 d3 60. g7 Kf6 1/2-1/2

[Event "New York Spring IM Qual"]
[Site "New York"]
[Date "2023.04.09"]
[Round "4"]
[White "Safranek, William"]
[Black "Rosenberg, Evan"]
[Result "1-0"]
[WhiteElo "1862"]
[BlackElo "1997"]
[PlyCount "167"]
[EventDate "2023.04.07"]
[EventType "tourn"]
[EventRounds "5"]
[EventCountry "USA"]
[SourceTitle "CBM 213 Extra"]
[Source "ChessBase"]
[SourceDate "2023.05.31"]
[SourceVersion "1"]
[SourceVersionDate "2023.05.31"]
[SourceQuality "1"]

1. e4 e5 2. Nf3 Nc6 3. Bc4 Nf6 4. d4 exd4 5. e5 d5 6. Bb5 Nd7 7. 0-0 Be7 8. Bxc6 bxc6 9. Nxd4 Nb8 10. Nc3 0-0 11. Qf3 a5 12. Rd1 Ra6 13. Bf4 c5 14. Ndb5 d4 15. Nd5 Rg6 16. h3 Na6 17. c3 Bd7 18. Nxe7+ Qxe7 19. Qd3 Bc6 20. Bg3 Qd7 21. a4 f5 22. f4 Be4 23. Qc4+ Kh8 24. Kh2 h5 25. Rd2 Qe7 26. cxd4 h4 27. Be1 cxd4 28. Qxd4 Nb4 29. Rc1 c6 30. Nd6 c5 31. Rxc5 Nd3 32. Nxe4 fxe4 33. Rxd3 exd3 34. Rd5 Qf7 35. Bd2 Rg3 36. f5 Kg8 37. e6 Qb7 38. Be1 Qc7 39. Qe5 Qxe5 40. Rxe5 Rg5 41. e7 Re8 42. Rxa5 Rxe7 43. Bxh4 d2 44. Rd5 Rxf5 45. Rd8+ Rf8 46. Rxd2 Re4 47. Bg3 Rxa4 48. Be5 Re8 49. Bc3 Rae4 50. Rd5 Kf7 51. Rf5+ Kg6 52. Rc5 R8e7 53. b4 Re2 54. h4 Rc2 55. b5 Re4 56. Rg5+ Kh6 57. Bxg7+ Kh7 58. Kh3 Rc1 59. g3 Rh1+ 60. Kg2 Rb1 61. Bc3 Rb3 62. Rc5 Re2+ 63. Kh3 Re3 64. Be5 Kg6 65. h5+ Kf7 66. Kg4 Rb4+ 67. Kf5 Rf3+ 68. Bf4 Rfb3 69. Rc7+ Ke8 70. h6 Rxb5+ 71. Kg6 Rb6+ 72. Kg7 R3b5 73. h7 Rh5 74. h8Q+ Rxh8 75. Kxh8 Rg6 76. Kh7 Rf6 77. Kg7 Rf5 78. Kg6 Rb5 79. g4 Kf8 80. g5 Rb1 81. Be5 Rh1 82. Bf6 Ke8 83. Re7+ Kf8 84. Rd7 1-0